000 00781nam a2200241 4500
003 OSt
005 20260530115312.0
008 260507b2009 |||o|||| |||| 001 0 eng d
020 _a9786074370225
040 _aICI
_bspa
_cICI
050 _aNK2115
_b.H37 2009
100 1 _aDe Haro, Fernando
245 1 0 _a100+ Tips - Ideas:
_bideas for Storage = ideas para guardar = idées de rangement = ideen zum aufbewahren
264 1 _bAM Editores S.A. de C.V.
_c2009
_aMéxico
300 _a134 páginas
336 _atexto
_2rdacontent
337 _asin medio
_2rdamedia
338 _avolumen
_2rdacarrier
650 _aAlmacenamiento doméstico
_xDiseño y construcción
_932932
650 _aDecoración de interiores
_96140
700 _aFuentes, Omar
_eAutor
942 _2lcc
_cBK
_n1
999 _c13391
_d13391